000 00806nam a2200277Ia 4500
001 3086
005 20240113233611.0
007 ta
008 050402s2003 a g b000 u eng u
020 _a81-7625-360-X
_cRs. 450.00
040 _aCotton College,Assam
041 _aeng
082 _a823.08
_bPa 192 Ak
100 _aPandey, Mithilesh K..
245 0 _aAkademi Awarded Novels in English-Millennium Response /
_cMithilesh K Pandey.
_hTextual Documents
250 _a1st ed. /
260 _aNew Delhi :
_bSarup & Sons ,
_c2003.
300 _a199p. :
_bill ;
_c23cm .
365 _aRs. 450.00
504 _aNotes on contributors, Index
653 _aEnglish fiction-Collections
653 _aPG-English
942 _2ddc
_cBK
999 _c3074
_d3074